Responses for Show #5396 - Monday, February 11, 2008

2008-A Teen Tournament quarterfinal game 1.

Contestants

[<< previous game]

Nick Philip, a junior from Plainfield, Indiana

Mollie Haycock, a senior from Rocklin, California

Zia Choudhury, a senior from Paducah, Kentucky

[next game >>]

Jeopardy! Round responses

THE BILL OF RIGHTS
WILL SMITH
POETRY
PARENTAL PAST LIVES
CROSSWORD CLUES "K"
CLIFF NOTES
    $200 1
(Zia: What is the Fourth Amendment?)

the Fifth Amendment

Zia
Triple Stumper
    $200 6
Men in Black

Zia
    $200 21
Lord Byron

Zia
    $200 23
Africa

Mollie
    $200 11
kidneys

Mollie
    $200 16
the Andes

Nick
    $400 2
Georgia

Zia
    $400 8
Independence Day

Nick
    $400 22
Shel Silverstein

Mollie
    $400 24
seminary

Nick
    $400 12
kelp

Zia
    $400 17
Stonehenge

Zia
    $600 3
unusual

Mollie
    $600 9
The Pursuit of Happyness

Zia
    $600 28
Lewis Carroll

Triple Stumper
    $600 25
a page

Nick
    $600 13
kosher

Zia
    $600 19
Mount Fuji

Zia
    $800 4
Hamilton

Zia
    $800 7
I Am Legend

Nick
    $800 29
Rudyard Kipling

Zia
    $800 26
a Pilgrim

Nick
    $800 14
kaiser

Zia
    $6,000 18
the Atlas Mountains

Zia
    $1000 5
assemble

Zia
    $1000 10
Muhammad Ali

Zia
    $1000 30
Dylan Thomas

Zia
    $1000 27
the CIA

Nick
    $1000 15
khaki

Mollie
    $1000 20
K2

Zia

Scores at the first commercial break (after clue 15):

Zia Mollie Nick
$5,600 $1,800 $1,200

Scores at the end of the Jeopardy! Round:

Zia Mollie Nick
$15,600 $2,400 $4,200

Double Jeopardy! Round responses

MYTHOLOGY
THE NEW 7 WONDERS OF THE WORLD
DESCRIBING THE PRESIDENT
VOCABULARY
UH-OH, OPERA
CLIFFS NOTES
    $400 1
volcanoes

Nick
    $400 6
the Great Wall of China

Zia
    $400 11
Abraham Lincoln

Nick
    $400 18
indivisible

Nick
    $400 13
a peacock

Zia
    $400 27
The Catcher in the Rye

Zia
    $800 2
Amazons

Nick
    $800 8
the Colosseum

Nick
    $800 12
George W. Bush

Zia
    $800 19
incognito

Zia
    $800 14
Oranges

Zia
    $800 28
Walden

Zia
    $1200 3
Thor

Nick
    $1200 9
Machu Picchu

Mollie
    $1200 24
JFK

Zia
    $1200 20
dictate

Zia
    $1200 16
drowning

Nick
    $1200 29
The Grapes of Wrath

Nick
    $1600 4
Aztecs

Nick
    $6,000 7
the Taj Mahal

Zia
    $1600 23
Hoover

Zia
    $1600 21
circumnavigate

Zia
    $1600 15
Mona Lisa

Nick
    $8,400 26
(Alex: Zia, you are on your way to setting a 1-day record, I think, for our program, certainly in the Teen Tournament. You have $38,400. That's $24,000, almost, more than your nearest competitor.)

Dr. Jekyll and Mr. Hyde

Zia
    $2000 5
[Applause for Nick's sweep of the category]
(Alex: And well done in the round. You got all the clues, and as a result, you have $10,200. Select again.)

Heracles

Nick
    $2000 10
Portugal

Zia
    $2000 25
Bill Clinton

Zia
    $2000 22
tundra

Zia
    $2000 17
Alexander the Great

Zia
    $2000 30
The Odyssey

Zia

Scores at the end of the Double Jeopardy! Round:

Zia Mollie Nick
$50,000 $3,600 $15,800
(lock game)

Final Jeopardy! Round responses

THE 50 STATES
(Alex: Two "I"s at the end, a diacritical mark before the last "I".)
MollieWhat is Massachusets?
$3,000
NickWhat is New Mexico
$5,800
ZiaWhat is I have no idea?
$19,399
Hawaii

Final scores:

Zia Mollie Nick
$30,601 $600 $10,000
Automatic semifinalist 3rd place: $5,000 if eliminated 2nd place: $5,000 if eliminated

Game dynamics:

Coryat scores:

Zia Mollie Nick
$33,600 $3,600 $15,800
34 R
(including 3 DDs),
1 W
6 R,
0 W
18 R,
0 W

Combined Coryat: $53,000

[game clues] [game scores] [suggest correction]

Game tape date: 2008-01-14
The J! Archive is created by fans, for fans. Scraping, republication, monetization, and malicious use prohibited; this site may use cookies and collect identifying information. See terms. The Jeopardy! game show and all elements thereof, including but not limited to copyright and trademark thereto, are the property of Jeopardy Productions, Inc. and are protected under law. This website is not affiliated with, sponsored by, or operated by Jeopardy Productions, Inc. Join the discussion at JBoard.tv.